000 00353nam a2200157Ia 4500
003 Ost
005 20260225132548.0
008 260225s9999||||xx |||||||||||||| ||und||
040 _cfsic
041 _afre
082 _a440
100 _aEl bokhari
_eAuteur
245 0 _aL'authentique tradition musulmane /
245 0 _cEl bokhari
942 _cكتاب
999 _c33946
_d33946